PRACTICAL PHARMACEUTICAL CHEMISTRY I (Record no. 266830)

MARC details
000 -LEADER
fixed length control field 00369pam a2200145a 44500
008 - FIXED-LENGTH DATA ELEMENTS--GENERAL INFORMATION
fixed length control field 230405s xxu||||| |||| 00| 0 eng d
041 ## - LANGUAGE CODE
Language code of text/sound track or separate title ENG
100 ## - MAIN ENTRY--PERSONAL NAME
Personal name BECKETT / STENLAKE
245 ## - TITLE STATEMENT
Title PRACTICAL PHARMACEUTICAL CHEMISTRY I
250 ## - EDITION STATEMENT
Edition statement 4 2005
260 ## - PUBLICATION, DISTRIBUTION, ETC.
Place of publication, distribution, etc. NEW DELHI
Name of publisher, distributor, etc. CBS PUBLISHERS DELHI
Date of publication, distribution, etc.
300 ## - PHYSICAL DESCRIPTION
Extent 326
650 ## - SUBJECT ADDED ENTRY--TOPICAL TERM
Topical term or geographic name entry element PHARMACEUTICAL CHEMISTRY
906 ## - LOCAL DATA ELEMENT F, LDF (RLIN)
a 1391
Holdings
Withdrawn status Lost status Damaged status Not for loan Collection Home library Current library Date acquired Source of acquisition Cost, normal purchase price Total Checkouts Full call number Barcode Date last seen Price effective from Koha item type
          College of Pharmacy, Kolhapur College of Pharmacy, Kolhapur 08/04/2007 BHARATI MADHYVARTI SAHAKARI GRAHAK BHANDAR LTD 184.00   615.19028 PCK-3071 14/04/2023 14/04/2023 Book
          College of Pharmacy, Kolhapur College of Pharmacy, Kolhapur 08/04/2007 BHARATI MADHYVARTI SAHAKARI GRAHAK BHANDAR LTD 184.00   615.19028 PCK-3070 14/04/2023 14/04/2023 Book
          College of Pharmacy, Kolhapur College of Pharmacy, Kolhapur 08/04/2007 BHARATI MADHYVARTI SAHAKARI GRAHAK BHANDAR LTD 184.00   615.19028 PCK-3069 14/04/2023 14/04/2023 Book
          College of Pharmacy, Kolhapur College of Pharmacy, Kolhapur 08/04/2007 BHARATI MADHYVARTI SAHAKARI GRAHAK BHANDAR LTD 184.00   615.19028 PCK-3068 14/04/2023 14/04/2023 Book
          College of Pharmacy, Kolhapur College of Pharmacy, Kolhapur 08/04/2007 BHARATI MADHYVARTI SAHAKARI GRAHAK BHANDAR LTD 184.00   615.19028 PCK-3067 14/04/2023 14/04/2023 Book